Les Carolingiens. - Statistiques

Statistiques générales
  • Ce quiz a été pris 284 fois
  • Le résultat moyen est 10 sur 16
Statistiques - réponses
Règne Rois % Correct
768-814 Charles Ier
98%
751-768 Pépin Ier
91%
843-877 Charles II
73%
814-840 Louis Ier
73%
885-887 Charles III
70%
898-922 Charles III
70%
877-879 Louis II
68%
879-882 Louis III
65%
936-954 Louis IV
64%
986-987 Louis V
60%
954-986 Lothaire Ier
55%
768-771 Carloman Ier
50%
888-898 Eudes Ier
46%
923-936 Raoul Ier
41%
879-884 Carloman II
40%
922-923 Robert Ier
40%
Aucun quiz correspondant
Distribution des résultats
% des personnes avec chaque résultat
Percentile par nombre de réponses
Votre historique - résultats
Vous n’avez pas pris ce quiz